000 00809nam a2200217 a 4500
005 20210223130608.0
008 080821s1982 mx r 000 0 spa d
035 _aUPN01000159387
049 _aUNE
080 _a37.014. 22 (100)=20 PRA No.100.
100 1 _aPrakasha, Veda
_929876
245 1 0 _aOperational seminar as a training technique for literacy workers :
_ba training document /
_cVeda Prakasha.
260 _aParís :
_bUNESCO ;
_aNew York :
_bUNICEF,
_c1982.
440 0 _aNotes, comments... ;
_v100
690 _aTrabajo en grupo (metodo de enseñanza) - Alfabetizacion
690 _aAlfabetizacion funcional - Cursos de capacitacion
690 _aEducacion y desarrollo - Investigacion de campo
710 2 _aUNICEF
_924085
710 2 _aPrograma de Alimentación Mundial
905 _aUNESCO
999 _c131501
_d131501